|
|
|
|
| LEADER |
00000nab a2200000 a 4500 |
| 001 |
vtls000169545 |
| 003 |
SK-MaSNL |
| 005 |
20260304073533.0 |
| 008 |
250422c1982 xo 0 slo |
| 015 |
|
|
|a SNBRB19rr/mm-uuuuu
|
| 035 |
|
|
|a CL0179656
|
| 035 |
|
|
|a urn:nbn:sk:snk-abbd0j
|
| 035 |
|
|
|a (urnnbn)urn:nbn:sk:snk:ar-006irl
|
| 035 |
|
|
|a (uuid)e8b1ecef-958d-4aae-9c79-f996ff732607
|
| 040 |
|
|
|a SNKBUCL
|b slo
|c SNKBUCL
|e AACR2
|
| 041 |
0 |
|
|a eng
|
| 044 |
|
|
|a xo
|c SK
|
| 080 |
|
|
|a 512.533.5
|2 1981
|
| 100 |
1 |
|
|a Kmeť, František,
|d 1937-
|4 aut
|9 38805
|
| 245 |
1 |
0 |
|a On radicals in semigroups
|c František Kmeť
|
| 300 |
|
|
|b Res. rus., lit. 8 zázn. v angl., ruš.
|
| 650 |
0 |
7 |
|a pologrupy
|2 snkbucl
|9 1252
|
| 650 |
0 |
7 |
|a ideály (mat.)
|2 snkbucl
|9 1182218
|
| 650 |
0 |
7 |
|a prvky nilpontné
|2 snkbucl
|9 1362267
|
| 655 |
|
7 |
|a články z novín a časopisov
|2 snkbucl
|9 267496
|
| 773 |
0 |
|
|t Mathematica slovaca
|g Roč. 32, č. 2 (1982), s. 183-188
|
| 850 |
|
|
|a Slovenská národná knižnica
|
| 852 |
|
|
|a Slovenská národná knižnica
|
| 958 |
|
|
|a article15
|
| 958 |
|
|
|a OND
|
| 958 |
|
|
|a RK
|
| 958 |
|
|
|a NB
|
| 958 |
|
|
|a EUIPO
|
| 992 |
|
|
|a RBX
|
| 999 |
|
|
|c 2772016
|d 2773946
|